लोड हो रहा है...

En-gendering individuals: the language of reforming in early twentieth century keralam /

ग्रंथसूची विवरण
मुख्य लेखक: Devika, J
स्वरूप: Printed Book
प्रकाशित: New Delhi : Orient Longman , 2007.
विषय:
LEADER 00523cam a2200145ua 4500
020 |a 81-250-3071-9 
082 1 4 |a 305.4095483  |b DEV-E 
100 1 |a Devika, J . 
245 1 0 |a En-gendering individuals: the language of reforming in early twentieth century keralam /  
260 |a New Delhi :   |b Orient Longman ,   |c 2007. 
300 |a 346p. ;  
650 0 |a Gender studies 
942 |c BK 
999 |c 39630  |d 39630 
952 |0 0  |1 0  |4 0  |6 305_409548300000000_DEVE  |7 0  |9 50777  |a KU  |b KU  |d 2015-07-05  |l 3  |o 305.4095483 DEV-E  |p EN14773  |r 2019-03-28  |s 2019-03-11  |y BK